Composición florística y estructural del bosque de galería Puerto López, Meta : (Registro nro. 6082)

Detalles MARC
000 -CABECERA
Campo de control 01142nam a2200265 i 4500
005 - FECHA Y HORA DE LA ULTIMA TRANSACCION
Campo de control 20160220122838.0
008 - ELEMENTOS DE LONGITUD FIJA—INFORMACION GENERAL
Campo de control 160220s2007 ck ||||| |||| 00| 0 spa d
020 ## - ISBN
ISBN 9789584416438
040 ## - FUENTE DE CATALOGACIÓN
Agencia catalogadora original CO-BoIAVH
Agencia transcriptora CO-BoIAVH
041 ## - IDIOMA
Código de idioma para texto/pista de sonido o título separado Español
082 04 - NUMERO DE CLASIFICACION DECIMAL DEWEY
Número de clasificación 582.1609861
Número del ítem C33c
100 1# - ASIENTO PRINCIPAL--NOMBRE PERSONAL
Nombre personal Carvajal Rojas, Lyndon
9 (RLIN) 24379
245 10 - MENCION DE TITULO
Título Composición florística y estructural del bosque de galería Puerto López, Meta :
Parte restante del título estudio de propiedades físico-mecánicas de cinco especies maderables, catálogo ilustrado de especies /
Mención de responsabilidad Lyndon Carvajal Rojas y (otros cinco autores màs).
260 ## - PUBLICACION, DISTRIBUCION, ETC. (PIE DE IMPRENTA)
Lugar de publicación, distribución, etc. Bogotá :
Nombre del editor, distribuidor, etc. CORMACARENA,
Fecha de publicación, distribución, etc. 2007.
300 ## - DESCRIPCION FISICA
Extensión 219 páginas ;
Dimensiones 22 cm.
650 14 - ASIENTO SECUNDARIO DE MATERIA - TERMINO TEMATICO
Término temático o nombre geográfico como elemento de entrada Árboles maderables
Subdivisión geográfica Meta (Colombia)
9 (RLIN) 61745
650 24 - ASIENTO SECUNDARIO DE MATERIA - TERMINO TEMATICO
Término temático o nombre geográfico como elemento de entrada Bosques
Subdivisión geográfica Meta (Colombia)
9 (RLIN) 61746
650 24 - ASIENTO SECUNDARIO DE MATERIA - TERMINO TEMATICO
Término temático o nombre geográfico como elemento de entrada Plantas
Subdivisión general Identificación
Subdivisión geográfica Meta (Colombia)
9 (RLIN) 61747
700 1# - ASIENTO SECUNDARIO - NOMBRE PERSONAL
Nombre personal López Rojas, Carlos Alberto,
Término de relación autor.
9 (RLIN) 61748
700 1# - ASIENTO SECUNDARIO - NOMBRE PERSONAL
Nombre personal Patarroyo V., Joaquin Hernán,
Término de relación autor.
9 (RLIN) 61749
700 1# - ASIENTO SECUNDARIO - NOMBRE PERSONAL
Nombre personal Gualdron , Alba Liliana,
Término de relación autor.
9 (RLIN) 61750
700 1# - ASIENTO SECUNDARIO - NOMBRE PERSONAL
Nombre personal Jimenéz, Mario Fernando,
Término de relación autor.
9 (RLIN) 61751
700 1# - ASIENTO SECUNDARIO - NOMBRE PERSONAL
Nombre personal Garzón, Alvaro Ernesto,
Término de relación autor.
9 (RLIN) 61752
942 ## - ELEMENTOS ADICIONALES (KOHA)
Tipo de ítem Libro
Sistema de clasificación Dewey Decimal Classification
Existencias
Withdrawn status Lost status Sistema de Clasificación Damaged status No para préstamo Colección Inventariado Ubicación Permanente Ubicación actual Fecha de adquisición Fuente de Valor Valor Total Checkouts Número topográfico Inventario / Código de Barras Date last seen Ejemplar Price effective from Forma de adquisición Tipo de material
    Dewey Decimal Classification     General Inventariado 2017 Bogotá Bogotá 15/01/2008 Instituto 39000.00   LB-582.1609861 C33c 025646 04/12/2012 Ej. 1 04/12/2012   Libro